[Event "Innsbruck op 5th"]
[Site "Innsbruck"]
[Date "2021.08.23"]
[Round "4"]
[White "Jakel, Wolfgang"]
[Black "Malek, Daniel"]
[Result "1/2-1/2"]
[WhiteElo "2250"]
[BlackElo "2348"]
[PlyCount "90"]
[EventDate "2021.08.21"]
[EventType "swiss"]
[EventRounds "9"]
[EventCountry "AUT"]
[SourceTitle "CBM 204 Extra"]
[Source "ChessBase"]
[SourceDate "2021.11.30"]
[SourceVersion "1"]
[SourceVersionDate "2021.11.30"]
[SourceQuality "1"]

1. e4 e5 2. Nf3 Nf6 3. Nxe5 d6 4. Nf3 Nxe4 5. d4 d5 6. Bd3 Bf5 7. 0-0 Be7 8. Nbd2 0-0 9. Re1 Nd6 10. Nf1 c6 11. Ng3 Bxd3 12. Qxd3 Na6 13. Bd2 Nc7 14. Ne5 f6 15. Nf3 Qd7 16. h4 Rfe8 17. h5 Bf8 18. Nh2 Rxe1+ 19. Rxe1 Re8 20. Kf1 Rxe1+ 21. Bxe1 Qe6 22. Qf3 Ne4 23. Nf5 g6 24. hxg6 hxg6 25. Nh4 Kg7 26. Ng4 Nb5 27. c3 Nbd6 28. Ne3 f5 29. g4 fxg4 30. Nxg4 Be7 31. Ng2 Qf5 32. Qxf5 Nxf5 33. N4e3 Nxe3+ 34. Nxe3 Bg5 35. Nd1 Kf6 36. Ke2 Kf5 37. f3 Nd6 38. Nf2 Bh4 39. Nd3 Bxe1 40. Kxe1 Nc4 41. Ke2 g5 42. Kf2 g4 43. Kg3 gxf3 44. Kxf3 Nd2+ 45. Ke3 Nc4+ 1/2-1/2

[Event "Innsbruck op 5th"]
[Site "Innsbruck"]
[Date "2021.08.22"]
[Round "3"]
[White "Arnold, Max"]
[Black "Jakel, Wolfgang"]
[Result "0-1"]
[WhiteElo "2316"]
[BlackElo "2250"]
[PlyCount "80"]
[EventDate "2021.08.21"]
[EventType "swiss"]
[EventRounds "9"]
[EventCountry "AUT"]
[SourceTitle "CBM 204 Extra"]
[Source "ChessBase"]
[SourceDate "2021.11.30"]
[SourceVersion "1"]
[SourceVersionDate "2021.11.30"]
[SourceQuality "1"]

1. e4 c5 2. b4 cxb4 3. a3 d5 4. exd5 Qxd5 5. Nf3 e5 6. axb4 Bxb4 7. c3 Be7 8. Na3 Nc6 9. Nb5 Qd8 10. d4 exd4 11. Bf4 Kf8 12. Nc7 Rb8 13. Nxd4 Bd7 14. Bc4 Nf6 15. 0-0 Rc8 16. Ncb5 a6 17. Nd6 Bg4 18. Be2 Bxd6 19. Bxd6+ Qxd6 20. Bxg4 Nxg4 21. Qxg4 Re8 22. Rfb1 h5 23. Qf3 Nxd4 24. cxd4 b5 25. Rc1 Rh6 26. d5 Rd8 27. Rc6 Qxd5 28. Rxh6 gxh6 29. Qe2 Re8 30. Qb2 Qe5 31. Qc1 Re6 32. h3 Kg7 33. g3 b4 34. Qf1 a5 35. Kg2 b3 36. Ra4 Qc3 37. Qb5 Re5 38. Qb7 Qd3 39. Ra3 Rb5 40. Qa8 Qf5 0-1

[Event "WchT Seniors 50"]
[Site "Prague"]
[Date "2020.03.07"]
[Round "2.11"]
[White "Priehoda, Vitezslav"]
[Black "Jakel, Wolfgang"]
[Result "1-0"]
[WhiteElo "2337"]
[BlackElo "2260"]
[PlyCount "61"]
[EventDate "2020.03.06"]
[EventType "team-swiss"]
[EventRounds "7"]
[EventCountry "CZE"]
[SourceTitle "CBM 195 Extra"]
[Source "ChessBase"]
[SourceDate "2020.05.31"]
[SourceVersion "1"]
[SourceVersionDate "2020.05.31"]
[SourceQuality "1"]
[WhiteTeam "Czech Republic 50 II"]
[BlackTeam "Germany 50 V"]
[WhiteTeamCountry "CZE"]
[BlackTeamCountry "GER"]

1. d4 f5 2. Bg5 g6 3. Nc3 Bg7 4. e3 Nf6 5. h4 h6 6. Bf4 0-0 7. Bc4+ d5 8. Bb3 Be6 9. Nf3 c6 10. Ne5 Kh7 11. Ne2 Nbd7 12. c3 Nxe5 13. Bxe5 Ng4 14. Bxg7 Kxg7 15. Qd2 Bf7 16. f3 Nf6 17. Bc2 Qd6 18. 0-0-0 e5 19. Rdg1 Rae8 20. h5 Nxh5 21. g4 fxg4 22. fxg4 Nf6 23. g5 hxg5 24. Rxg5 Ne4 25. Bxe4 dxe4 26. Ng3 Be6 27. Rxe5 Bxa2 28. Rxe8 Rxe8 29. Qh2 Kf7 30. Qh7+ Kf8 31. Rf1+ 1-0

[Event "Hessen-ch"]
[Site "Frankfurt"]
[Date "2019.06.02"]
[Round "9"]
[White "Dubiel, Jacek"]
[Black "Jakel, Wolfgang"]
[Result "1/2-1/2"]
[WhiteElo "2428"]
[BlackElo "2246"]
[PlyCount "61"]
[EventDate "2019.05.29"]
[EventType "swiss"]
[EventRounds "9"]
[EventCountry "GER"]
[SourceTitle "EXT 2020"]
[Source "ChessBase"]
[SourceDate "2019.10.17"]
[SourceVersion "1"]
[SourceVersionDate "2019.10.17"]
[SourceQuality "1"]

1. e4 c5 2. Nf3 d6 3. d4 cxd4 4. Nxd4 Nf6 5. Nc3 a6 6. Be3 e5 7. Nb3 Be7 8. h3 Be6 9. f4 Qc7 10. f5 Bc4 11. Bxc4 Qxc4 12. Qf3 b5 13. 0-0-0 b4 14. Nd2 Qc7 15. Nd5 Nxd5 16. exd5 Nd7 17. Kb1 Rb8 18. g4 h6 19. h4 Rc8 20. Rc1 Nb6 21. Bxb6 Qxb6 22. Ne4 f6 23. g5 hxg5 24. hxg5 Kd7 25. gxf6 gxf6 26. Rhg1 Rcf8 27. Rg7 Qd4 28. Qe2 Qb6 29. b3 Rh4 30. Qc4 Kd8 31. Rcg1 1/2-1/2

[Event "Hessen-ch"]
[Site "Frankfurt"]
[Date "2019.05.31"]
[Round "6"]
[White "Jakel, Wolfgang"]
[Black "Alber, Horst"]
[Result "1-0"]
[WhiteElo "2246"]
[BlackElo "2271"]
[PlyCount "71"]
[EventDate "2019.05.29"]
[EventType "swiss"]
[EventRounds "9"]
[EventCountry "GER"]
[SourceTitle "EXT 2020"]
[Source "ChessBase"]
[SourceDate "2019.10.17"]
[SourceVersion "1"]
[SourceVersionDate "2019.10.17"]
[SourceQuality "1"]

1. c4 Nf6 2. Nc3 g6 3. g3 Bg7 4. Bg2 0-0 5. e3 d6 6. Nge2 e5 7. 0-0 Nbd7 8. d3 Nh5 9. Rb1 f5 10. b4 f4 11. exf4 exf4 12. gxf4 Bxc3 13. Nxc3 Nxf4 14. Bxf4 Rxf4 15. Nd5 Rf7 16. b5 Ne5 17. f4 Ng4 18. h3 Nh6 19. Qd2 Nf5 20. Kh2 Kg7 21. Nc3 Nh4 22. Bd5 Rf5 23. Ne4 h6 24. Rbe1 a6 25. a4 axb5 26. axb5 Kh7 27. Re3 g5 28. Ng3 Rxf4 29. Qe2 Ng6 30. Re8 Qd7 31. Bg8+ Kg7 32. Nh5+ Kh8 33. Bf7+ Kh7 34. Bxg6+ Kxg6 35. Nxf4+ gxf4 36. Qe4+ 1-0

[Event "Hessen-ch"]
[Site "Frankfurt"]
[Date "2019.05.30"]
[Round "4"]
[White "Jakel, Wolfgang"]
[Black "Arndt, Stefan"]
[Result "1/2-1/2"]
[WhiteElo "2246"]
[BlackElo "2225"]
[PlyCount "83"]
[EventDate "2019.05.29"]
[EventType "swiss"]
[EventRounds "9"]
[EventCountry "GER"]
[SourceTitle "EXT 2020"]
[Source "ChessBase"]
[SourceDate "2019.10.17"]
[SourceVersion "1"]
[SourceVersionDate "2019.10.17"]
[SourceQuality "1"]

1. c4 f5 2. Nc3 Nf6 3. g3 d6 4. Bg2 e5 5. d3 Be7 6. e4 Nc6 7. Nge2 0-0 8. 0-0 Qe8 9. Nd5 Nxd5 10. cxd5 Nd8 11. exf5 Bxf5 12. Nc3 Qg6 13. Be4 h5 14. Be3 Nf7 15. Rc1 Ng5 16. Bxg5 Bxg5 17. Rc2 h4 18. Bxf5 Qxf5 19. Qe2 hxg3 20. hxg3 Rf6 21. Ne4 Rh6 22. Nxg5 Qxg5 23. Rxc7 Rf8 24. Rc4 Qf5 25. Qe4 Qh3 26. Qg2 Qf5 27. Rc7 Qxd3 28. Rxb7 e4 29. Re7 Rf3 30. Re1 Rg6 31. R1xe4 Rgxg3 32. fxg3 Rxg3 33. Re2 Qd4+ 34. Kf1 Rxg2 35. Kxg2 Qxd5+ 36. Kf2 Qh5 37. Kg1 Kf8 38. R7e3 d5 39. Kf2 Qh4+ 40. Kg2 Qg4+ 41. Kh2 Qh5+ 42. Kg3 1/2-1/2

[Event "Hessen-ch"]
[Site "Frankfurt"]
[Date "2019.05.29"]
[Round "1"]
[White "Henrich, Thomas"]
[Black "Jakel, Wolfgang"]
[Result "1-0"]
[WhiteElo "2142"]
[BlackElo "2246"]
[PlyCount "61"]
[EventDate "2019.05.29"]
[EventType "swiss"]
[EventRounds "9"]
[EventCountry "GER"]
[SourceTitle "EXT 2020"]
[Source "ChessBase"]
[SourceDate "2019.10.17"]
[SourceVersion "1"]
[SourceVersionDate "2019.10.17"]
[SourceQuality "1"]

1. e4 c5 2. Nf3 d6 3. d4 cxd4 4. Nxd4 Nf6 5. Nc3 a6 6. Be3 e5 7. Nb3 Be6 8. f3 Be7 9. Qd2 Nc6 10. Nd5 Bxd5 11. exd5 Nb8 12. c4 0-0 13. Be2 Nbd7 14. Na5 Qc8 15. Qb4 Nc5 16. Qa3 Bd8 17. 0-0 Re8 18. Rac1 e4 19. f4 Nd3 20. Rc3 Bxa5 21. Qxa5 Nd7 22. Qa3 Qc7 23. Rd1 Nf6 24. h3 Nc5 25. Bd4 a5 26. Rg3 Kh8 27. Rxg7 Qe7 28. Qg3 Rg8 29. Rxg8+ Rxg8 30. Qh4 Rg6 31. f5 1-0

[Event "Hessenliga 1718"]
[Site "Hessen"]
[Date "2018.01.14"]
[Round "5.3"]
[White "Jakel, Wolfgang"]
[Black "Sehrt, Juergen"]
[Result "0-1"]
[WhiteElo "2227"]
[BlackElo "2277"]
[PlyCount "98"]
[EventDate "2017.09.17"]
[EventType "team-tourn"]
[EventRounds "9"]
[EventCountry "GER"]
[SourceTitle "CBM 189 Extra"]
[Source "ChessBase"]
[SourceDate "2019.06.03"]
[SourceVersion "1"]
[SourceVersionDate "2019.06.03"]
[SourceQuality "1"]
[WhiteTeam "Offenbach"]
[BlackTeam "Giessen"]
[WhiteTeamCountry "GER"]
[BlackTeamCountry "GER"]

1. e4 c5 2. Nf3 d6 3. d4 cxd4 4. Nxd4 Nf6 5. Nc3 a6 6. Be2 e5 7. Nb3 Be7 8. Be3 Nbd7 9. a4 0-0 10. 0-0 b6 11. f4 Bb7 12. Bf3 Qc7 13. f5 Rac8 14. Rf2 Rfd8 15. Qe2 h6 16. Rd1 Qc4 17. Bc1 Qxe2 18. Rxe2 Rc4 19. Rd3 Rdc8 20. Kf1 Kf8 21. Ke1 d5 22. Nxd5 Bxd5 23. exd5 e4 24. Bxe4 Rxe4 25. d6 Bd8 26. c3 Rxe2+ 27. Kxe2 Nc5 28. Nxc5 Rxc5 29. Rf3 Re5+ 30. Kd3 Rd5+ 31. Kc4 Rxd6 32. b4 Rc6+ 33. Kb3 Ne4 34. Rd3 Bf6 35. c4 Kg8 36. Bf4 a5 37. Rd7 axb4 38. Kxb4 Nc5 39. Kb5 Rc8 40. Rc7 Ra8 41. Kxb6 Nxa4+ 42. Kb7 Ra5 43. Rc8+ Kh7 44. g4 Bd4 45. Bd6 Ra7+ 46. Kc6 Nb6 47. Rd8 Nxc4 48. Bb8 Ne5+ 49. Kd5 Rd7+ 0-1

[Event "Rilton Cup 47th"]
[Site "Stockholm"]
[Date "2018.01.05"]
[Round "9"]
[White "Jakel, Wolfgang"]
[Black "Arman, Deniz"]
[Result "1-0"]
[WhiteElo "2227"]
[BlackElo "2324"]
[PlyCount "66"]
[EventDate "2017.12.27"]
[EventType "swiss"]
[EventRounds "9"]
[EventCountry "SWE"]
[SourceTitle "CBM 182 Extra"]
[Source "ChessBase"]
[SourceDate "2018.02.23"]
[SourceVersion "1"]
[SourceVersionDate "2018.02.23"]
[SourceQuality "1"]

1. e4 d5 2. exd5 Qxd5 3. Nc3 Qa5 4. d4 c6 5. Nf3 Bf5 6. Be2 e6 7. 0-0 Nd7 8. Bf4 Bb4 9. Nb1 Ngf6 10. c3 Be7 11. Nbd2 0-0 12. b4 Qd8 13. Qb3 a5 14. a3 Nh5 15. Be3 Qc7 16. bxa5 Rxa5 17. Nc4 Rb5 18. Qd1 Nf4 19. Bxf4 Qxf4 20. a4 Rd5 21. a5 Ra8 22. a6 b5 23. Ne3 Rd6 24. g3 Qh6 25. Nxf5 exf5 26. Re1 g6 27. Bxb5 Bf6 28. Bf1 Qf8 29. Qa4 c5 30. Red1 Nb6 31. Qb3 Nd7 32. Qb7 Rb8 33. Qa7 cxd4 1-0

[Event "Hessenliga 1718"]
[Site "Hessen"]
[Date "2017.12.03"]
[Round "4.2"]
[White "Jakel, Wolfgang"]
[Black "Schmidt, Walter"]
[Result "1/2-1/2"]
[WhiteElo "2227"]
[BlackElo "2228"]
[PlyCount "53"]
[EventDate "2017.09.17"]
[EventType "team-tourn"]
[EventRounds "9"]
[EventCountry "GER"]
[SourceTitle "CBM 189 Extra"]
[Source "ChessBase"]
[SourceDate "2019.06.03"]
[SourceVersion "1"]
[SourceVersionDate "2019.06.03"]
[SourceQuality "1"]
[WhiteTeam "Offenbach"]
[BlackTeam "Bad Homburg"]
[WhiteTeamCountry "GER"]
[BlackTeamCountry "GER"]

1. e4 c5 2. Nf3 Nc6 3. Bb5 e6 4. 0-0 Nge7 5. c4 a6 6. Bxc6 Nxc6 7. d4 cxd4 8. Nxd4 Be7 9. Nc3 0-0 10. Be3 d6 11. Qe2 Bd7 12. Rfd1 Rc8 13. Rac1 Nxd4 14. Bxd4 Qa5 15. c5 Bc6 16. Qg4 g6 17. cxd6 Bxd6 18. Bf6 Be5 19. Be7 Rfe8 20. Qh4 Qc7 21. Bg5 Bg7 22. Rd3 Qe5 23. Rcd1 b5 24. a3 a5 25. Bf4 Qf6 26. Bg5 Qe5 27. Bf4 1/2-1/2

[Event "Hessenliga 1718"]
[Site "Hessen"]
[Date "2017.11.19"]
[Round "3.3"]
[White "Roemer, Torsten"]
[Black "Jakel, Wolfgang"]
[Result "0-1"]
[WhiteElo "2059"]
[BlackElo "2227"]
[PlyCount "64"]
[EventDate "2017.09.17"]
[EventType "team-tourn"]
[EventRounds "9"]
[EventCountry "GER"]
[SourceTitle "CBM 189 Extra"]
[Source "ChessBase"]
[SourceDate "2019.06.03"]
[SourceVersion "1"]
[SourceVersionDate "2019.06.03"]
[SourceQuality "1"]
[WhiteTeam "Niederbrechen"]
[BlackTeam "Offenbach"]
[WhiteTeamCountry "GER"]
[BlackTeamCountry "GER"]

1. e4 e5 2. Nf3 Nf6 3. Nxe5 d6 4. Nf3 Nxe4 5. Nc3 Nxc3 6. dxc3 Be7 7. Be3 Nd7 8. Qd2 c6 9. 0-0-0 Qa5 10. Kb1 0-0 11. c4 Qxd2 12. Rxd2 Nf6 13. Bd3 d5 14. Bg5 Be6 15. Re2 Bd8 16. Ne5 Bc7 17. Bxf6 gxf6 18. cxd5 cxd5 19. Nf3 Bb6 20. Nh4 Rac8 21. Bf5 Rc4 22. g4 Rd8 23. h3 Rd6 24. f3 Bd4 25. c3 Be5 26. Bd3 Rc7 27. Rd1 Rb6 28. g5 Rxc3 29. f4 Bxf4 30. gxf6 Kf8 31. Bxh7 Rxh3 32. Bf5 Rxh4 0-1

[Event "Hessenliga 1617"]
[Site "Hessen"]
[Date "2017.04.23"]
[Round "9.5"]
[White "Jakel, Wolfgang"]
[Black "Bajramovic, Bego"]
[Result "1-0"]
[WhiteElo "2223"]
[BlackElo "2118"]
[PlyCount "79"]
[EventDate "2016.09.18"]
[EventType "team-tourn"]
[EventRounds "9"]
[EventCountry "GER"]
[SourceTitle "EXT 2018"]
[Source "ChessBase"]
[SourceDate "2017.10.13"]
[SourceVersion "1"]
[SourceVersionDate "2017.10.13"]
[SourceQuality "1"]
[WhiteTeam "Offenbach"]
[BlackTeam "Giessen"]
[WhiteTeamCountry "GER"]
[BlackTeamCountry "GER"]

1. e4 e5 2. f4 exf4 3. Nf3 g5 4. h4 g4 5. Ng1 d5 6. d4 dxe4 7. Bxf4 Bd6 8. Ne2 Bxf4 9. Nxf4 Qd6 10. Qd2 Nc6 11. Bb5 Bd7 12. d5 Ne5 13. Bxd7+ Nxd7 14. Nc3 Ngf6 15. 0-0-0 0-0-0 16. Rhe1 Rhe8 17. Qf2 a6 18. Rd4 Qc5 19. Qd2 Nb6 20. b4 Qe7 21. Qe3 Kb8 22. Red1 Qe5 23. a4 Nc8 24. Nce2 Nd6 25. Ng3 Rc8 26. c4 c6 27. dxc6 Rxc6 28. c5 Rec8 29. Kb1 Nf5 30. Nxf5 Qxf5 31. Nd5 Nxd5 32. Rxd5 Qe6 33. R1d4 Re8 34. b5 Rcc8 35. Rd6 Qf5 36. c6 axb5 37. cxb7 Rc7 38. a5 Qf1+ 39. Rd1 Qc4 40. Rd8+ 1-0

[Event "Hessenliga 1617"]
[Site "Hessen"]
[Date "2017.02.05"]
[Round "6.2"]
[White "Garzinsky, Dominik"]
[Black "Jakel, Wolfgang"]
[Result "1/2-1/2"]
[WhiteElo "2058"]
[BlackElo "2223"]
[PlyCount "39"]
[EventDate "2016.09.18"]
[EventType "team-tourn"]
[EventRounds "9"]
[EventCountry "GER"]
[SourceTitle "EXT 2018"]
[Source "ChessBase"]
[SourceDate "2017.10.13"]
[SourceVersion "1"]
[SourceVersionDate "2017.10.13"]
[SourceQuality "1"]
[WhiteTeam "Niederbrechen"]
[BlackTeam "Offenbach"]
[WhiteTeamCountry "GER"]
[BlackTeamCountry "GER"]

1. c4 c5 2. Nc3 e6 3. e4 Nc6 4. g3 g6 5. Bg2 Bg7 6. Nge2 Nge7 7. d3 d6 8. 0-0 0-0 9. Be3 Nd4 10. Qd2 Nec6 11. Bh6 Ne5 12. Nxd4 cxd4 13. Bxg7 dxc3 14. Qxc3 Kxg7 15. f4 f6 16. fxe5 dxe5 17. Rad1 Qe7 18. d4 exd4 19. Qxd4 e5 20. Qd6 1/2-1/2

[Event "Basel op"]
[Site "Basel"]
[Date "2017.01.08"]
[Round "9"]
[White "Meier, Volker"]
[Black "Jakel, Wolfgang"]
[Result "1/2-1/2"]
[WhiteElo "2284"]
[BlackElo "2223"]
[PlyCount "84"]
[EventDate "2017.01.02"]
[EventType "swiss"]
[EventRounds "9"]
[EventCountry "SUI"]
[SourceTitle "EXT 2018"]
[Source "ChessBase"]
[SourceDate "2017.10.13"]
[SourceVersion "1"]
[SourceVersionDate "2017.10.13"]
[SourceQuality "1"]

1. c4 c5 2. Nc3 e6 3. Nf3 d5 4. cxd5 exd5 5. d4 Nc6 6. g3 Nf6 7. Bg2 Be7 8. 0-0 0-0 9. Bg5 cxd4 10. Nxd4 h6 11. Be3 Bg4 12. h3 Be6 13. Rc1 Qd7 14. Kh2 Na5 15. b3 Rfc8 16. Qd3 Ba3 17. Rcd1 Nc6 18. Ncb5 Bf8 19. f4 Nb4 20. Qb1 Bg4 21. Rd2 a6 22. Na3 Qe8 23. Bg1 Bd7 24. Nac2 a5 25. Ne3 Rc3 26. a3 Rxe3 27. axb4 Rc3 28. bxa5 Rxa5 29. Rc1 Qc8 30. Rdc2 Rxc2 31. Rxc2 Qa8 32. Qc1 Bd6 33. Be3 h5 34. Bf3 Ra1 35. Qd2 Qe8 36. Qd3 h4 37. gxh4 Qe7 38. Rc1 Ra2 39. Rg1 Ne4 40. Bg4 Nc5 41. Qc3 Ne4 42. Qd3 Nc5 1/2-1/2

[Event "Basel op"]
[Site "Basel"]
[Date "2017.01.02"]
[Round "1"]
[White "Schroeder, Jan Christian"]
[Black "Jakel, Wolfgang"]
[Result "1-0"]
[WhiteElo "2550"]
[BlackElo "2223"]
[PlyCount "61"]
[EventDate "2017.01.02"]
[EventType "swiss"]
[EventRounds "9"]
[EventCountry "SUI"]
[SourceTitle "CBM 176 Extra"]
[Source "ChessBase"]
[SourceDate "2017.03.02"]
[SourceVersion "1"]
[SourceVersionDate "2017.03.02"]
[SourceQuality "1"]

1. e4 e5 2. Bc4 Nf6 3. d3 Nc6 4. Nf3 Bc5 5. 0-0 d6 6. c3 Bb6 7. a4 a5 8. Na3 Bg4 9. h3 Bh5 10. Bb3 0-0 11. Nc4 Ba7 12. g4 Bg6 13. Bg5 h6 14. Bh4 Bh7 15. Ne3 g5 16. Bg3 Ne7 17. h4 gxh4 18. Nxh4 Qd7 19. Nef5 Bxf5 20. gxf5 Kg7 21. Kh1 Kh7 22. Qe2 Nc6 23. Ng2 Rg8 24. Bh4 Qe7 25. Rg1 Rg7 26. Ne3 Bxe3 27. Rxg7+ Kxg7 28. Qxe3 Kh7 29. Rg1 Re8 30. Qg3 Nh5 31. Qg4 1-0

[Event "Hessenliga 1617"]
[Site "Hessen"]
[Date "2016.11.06"]
[Round "3.3"]
[White "Schreiber, Kurt"]
[Black "Jakel, Wolfgang"]
[Result "0-1"]
[WhiteElo "2115"]
[BlackElo "2223"]
[PlyCount "90"]
[EventDate "2016.09.18"]
[EventType "team-tourn"]
[EventRounds "9"]
[EventCountry "GER"]
[SourceTitle "EXT 2018"]
[Source "ChessBase"]
[SourceDate "2017.10.13"]
[SourceVersion "1"]
[SourceVersionDate "2017.10.13"]
[SourceQuality "1"]
[WhiteTeam "Dotzheim"]
[BlackTeam "Offenbach"]
[WhiteTeamCountry "GER"]
[BlackTeamCountry "GER"]

1. Nf3 d5 2. c4 e6 3. b3 Nf6 4. Bb2 c5 5. e3 Nc6 6. Be2 d4 7. exd4 cxd4 8. d3 Be7 9. 0-0 0-0 10. Nbd2 e5 11. Re1 Qc7 12. Rc1 Nd7 13. Bf1 a5 14. a3 Nc5 15. Qc2 Bg4 16. g3 Bh5 17. Bg2 Bg6 18. Ne4 Bxe4 19. dxe4 Qb6 20. Nd2 Bg5 21. Rb1 Bxd2 22. Qxd2 Nxb3 23. Qd1 a4 24. Bc1 Qc5 25. Qg4 Kh8 26. Bf1 Rad8 27. Bd3 Nca5 28. f4 Nxc4 29. Qe2 b5 30. Kh1 Rc8 31. h4 Nxc1 32. Rexc1 Qxa3 33. Kh2 f6 34. h5 Qc5 35. h6 gxh6 36. Qh5 exf4 37. Qxh6 fxg3+ 38. Kg1 Qg5 39. Qxg5 fxg5 40. Rxb5 Ne3 41. Ra1 Rc3 42. Be2 d3 43. Bh5 Rfc8 44. Rbb1 d2 45. Bd1 Rc1 0-1

[Event "WchT Seniors 50"]
[Site "Radebeul"]
[Date "2016.07.02"]
[Round "7.10"]
[White "Jakel, Wolfgang"]
[Black "Buchal, Stephan"]
[Result "1/2-1/2"]
[WhiteElo "2204"]
[BlackElo "2338"]
[PlyCount "92"]
[EventDate "2016.06.26"]
[EventType "team-swiss"]
[EventRounds "9"]
[EventCountry "GER"]
[SourceTitle "CBM 173 Extra"]
[Source "ChessBase"]
[SourceDate "2016.08.29"]
[SourceVersion "1"]
[SourceVersionDate "2016.08.29"]
[SourceQuality "1"]
[WhiteTeam "Offenbach"]
[BlackTeam "Werder Bremen"]
[WhiteTeamCountry "GER"]
[BlackTeamCountry "GER"]

1. e4 g6 2. d4 Bg7 3. f4 c5 4. d5 d6 5. Nc3 a6 6. a4 e6 7. Nf3 Ne7 8. Bc4 0-0 9. dxe6 Bxe6 10. Bxe6 fxe6 11. Ng5 Qd7 12. Qg4 e5 13. Qe6+ Kh8 14. 0-0 Rf6 15. Qc4 h6 16. Nf7+ Kh7 17. fxe5 Rxf1+ 18. Qxf1 dxe5 19. Bxh6 Nbc6 20. Be3 Qg4 21. Qf2 Kg8 22. h3 Qh5 23. Ng5 Rf8 24. Qd2 Nd4 25. Rf1 Rxf1+ 26. Kxf1 Bh6 27. Ne2 Bxg5 28. Bxg5 Qh7 29. c3 Qf7+ 30. Ke1 Ne6 31. Bxe7 Qxe7 32. Qd5 Kh7 33. Qxe5 Qd7 34. g3 Ng7 35. Qxc5 Qxa4 36. Qb4 Qd7 37. h4 b5 38. Qd4 Qg4 39. e5 Qf3 40. Kd2 Nf5 41. Qd3 Qf2 42. b4 Kg7 43. Qd7+ Kh6 44. Qd3 Kg7 45. Qd7+ Kh6 46. Qd3 Kg7 1/2-1/2

[Event "Hessenliga 1516"]
[Site "Germany"]
[Date "2015.11.22"]
[Round "3.3"]
[White "Meyer, Stefan"]
[Black "Jakel, Wolfgang"]
[Result "1-0"]
[WhiteElo "2119"]
[BlackElo "2204"]
[PlyCount "57"]
[EventDate "2015.09.27"]
[EventType "team-tourn"]
[EventRounds "9"]
[EventCountry "GER"]
[SourceTitle "EXT 2018"]
[Source "ChessBase"]
[SourceDate "2017.10.13"]
[SourceVersion "1"]
[SourceVersionDate "2017.10.13"]
[SourceQuality "1"]
[WhiteTeam "Dotzheim"]
[BlackTeam "Offenbach"]
[WhiteTeamCountry "GER"]
[BlackTeamCountry "GER"]

1. f4 d5 2. e3 Nf6 3. Nf3 e6 4. b3 Nbd7 5. Bb2 Bd6 6. Be2 c6 7. 0-0 Qc7 8. d4 0-0 9. c4 c5 10. Ne5 a6 11. Nd2 Be7 12. Bd3 dxc4 13. bxc4 Rd8 14. Ndf3 Nxe5 15. fxe5 Ne8 16. Qc2 g6 17. h4 Ng7 18. Ng5 Bxg5 19. hxg5 Qe7 20. Qf2 Nf5 21. Qf4 b5 22. g4 bxc4 23. Bxc4 Nh4 24. Rf2 Bb7 25. Raf1 cxd4 26. exd4 Rd7 27. Qe3 Rc8 28. Ba3 Qd8 29. Bc5 1-0

[Event "Hessenliga 1415"]
[Site "Hessen"]
[Date "2015.02.08"]
[Round "6.3"]
[White "Jakel, Wolfgang"]
[Black "Schmidt, Walter"]
[Result "0-1"]
[WhiteElo "2204"]
[BlackElo "2217"]
[PlyCount "56"]
[EventDate "2014.09.28"]
[EventType "team-tourn"]
[EventRounds "9"]
[EventCountry "GER"]
[SourceTitle "EXT 2016"]
[Source "ChessBase"]
[SourceDate "2015.10.08"]
[SourceVersion "1"]
[SourceVersionDate "2015.10.08"]
[SourceQuality "1"]
[WhiteTeam "Offenbach"]
[BlackTeam "Bad Homburg"]
[WhiteTeamCountry "GER"]
[BlackTeamCountry "GER"]

1. e4 c5 2. Nc3 e6 3. g3 d5 4. exd5 exd5 5. Bg2 Nf6 6. d3 d4 7. Ne4 Nxe4 8. dxe4 Be7 9. Ne2 0-0 10. 0-0 Nc6 11. Nf4 Bd6 12. Re1 Re8 13. a3 Rb8 14. c3 dxc3 15. bxc3 Ne5 16. Ra2 Bf8 17. Nd5 Qa5 18. Bf4 f6 19. Bxe5 Rxe5 20. f4 Re8 21. c4 Be6 22. e5 Rbd8 23. exf6 Bg4 24. Qxg4 Qxe1+ 25. Bf1 Qb1 26. fxg7 Bxg7 27. Nf6+ Kh8 28. Nxe8 Bd4+ 0-1